| 000 | 01519nam a2200337Ia 4500 | ||
|---|---|---|---|
| 001 | ebr10559039 | ||
| 003 | CaPaEBR | ||
| 006 | m u | ||
| 007 | cr cn||||||||| | ||
| 008 | 070412s2006 qucd s f000 0 eng d | ||
| 020 | _z0773531262 | ||
| 020 | _z9780773531260 | ||
| 020 | _z9780773576261 | ||
| 040 |
_aCaPaEBR _cCaPaEBR |
||
| 035 | _a(OCoLC)797825141 | ||
| 050 | 1 | 4 |
_aHJ7663 _b.H68 2006eb |
| 245 | 0 | 0 |
_aHow Ottawa spends, 2006-2007 _h[electronic resource] : _bin from the cold - the Tory rise and the Liberal demise / _cedited by G. Bruce Doern. |
| 246 | 3 | _aIn from the cold - the Tory rise and the Liberal demise | |
| 260 |
_aMontreal ; _aIthaca : _bPublished for the School of Public Policy and Administration, Carleton University, by McGill-Queen's University Press, _cc2006. |
||
| 300 |
_avi, 292 p. : _bill. |
||
| 490 | 0 |
_aHow Ottawa spends ; _v2006-2007 |
|
| 533 |
_aElectronic reproduction. _bPalo Alto, Calif. : _cebrary, _d2011. _nAvailable via World Wide Web. _nAccess may be limited to ebrary affiliated libraries. |
||
| 650 | 0 |
_aGovernment spending policy _zCanada. |
|
| 651 | 0 |
_aCanada _xAppropriations and expenditures. |
|
| 651 | 0 |
_aCanada _xPolitics and government. |
|
| 655 | 7 |
_aElectronic books. _2local |
|
| 700 | 1 | _aDoern, G. Bruce. | |
| 710 | 2 |
_aCarleton University. _bSchool of Public Policy and Administration. |
|
| 710 | 2 | _aebrary, Inc. | |
| 856 | 4 | 0 |
_uhttp://site.ebrary.com/lib/rucke/Doc?id=10559039 _zAn electronic book accessible through the World Wide Web; click to view |
| 999 |
_c89342 _d89342 |
||